[Event "Baku Open 2014"]
[Site "Baku AZE"]
[Date "2014.09.22"]
[Round "1.11"]
[White "Asgarizadeh, Ahmad"]
[Black "Krasenkow, Michal"]
[Result "1/2-1/2"]
[BlackTitle "GM"]
[WhiteElo "2335"]
[BlackElo "2636"]
[WhiteFideId "12505684"]
[BlackFideId "1113100"]
[EventDate "2014.09.22"]

1. e4 g6 2. d4 Bg7 3. Nc3 c6 4. Nf3 d6 5. Be2 Nf6 6. O-O O-O 7. h3 b5 8. e5 Ne8
9. Bf4 Nd7 10. Re1 Bb7 11. Qd2 dxe5 12. dxe5 Nc7 13. Rad1 Nb6 14. Qc1 Qc8 15.
Bh6 c5 16. Bxg7 Kxg7 17. Qe3 Ncd5 18. Nxd5 Nxd5 19. Qg5 a6 20. c4 bxc4 21. Bxc4
h6 22. Qh4 e6 23. Nd2 g5 24. Qg3 Ne7 25. Bd3 Ng6 26. Nc4 Qc7 27. Nd6 Rab8 28.
Bxg6 fxg6 29. Qe3 Bd5 30. b3 Rb6 31. Rc1 Rc6 32. Rc2 Qa5 33. Rec1 Rc7 34. Kh2
Kh8 35. Rxc5 Rxc5 36. Rxc5 Qxa2 37. Rxd5 Rxf2 38. Qe4 exd5 39. Qxd5 Qd2 40. Qa8+
Kh7 41. Qb7+ Kg8 42. Qc8+ Rf8 43. Qe6+ Kh8 44. Qxg6 Qf4+ 45. Kh1 Qf1+ 46. Kh2
Qf4+ 1/2-1/2

[Event "Baku Open 2014"]
[Site "Baku AZE"]
[Date "2014.09.22"]
[Round "1.12"]
[White "Lupulescu, Constantin"]
[Black "Kowsarinia, Amir"]
[Result "1-0"]
[WhiteTitle "GM"]
[BlackTitle "FM"]
[WhiteElo "2630"]
[BlackElo "2331"]
[WhiteFideId "1207822"]
[BlackFideId "12500089"]
[EventDate "2014.09.22"]

1. c4 e6 2. Nf3 d5 3. d4 c5 4. cxd5 exd5 5. g3 Nc6 6. Bg2 Nf6 7. O-O Be7 8. dxc5
Bxc5 9. Qc2 Bb6 10. Nc3 O-O 11. Bg5 Be6 12. Na4 d4 13. Rfd1 h6 14. Nxb6 axb6 15.
Bf4 Ra5 16. b4 Rd5 17. Qb2 b5 18. Ne1 Rd7 19. a4 bxa4 20. Rxa4 Qb6 21. Nd3 Bc4 1-0

[Event "Baku Open 2014"]
[Site "Baku AZE"]
[Date "2014.09.22"]
[Round "1.14"]
[White "Shimanov, Aleksandr"]
[Black "Mammadzada, Gunay"]
[Result "1/2-1/2"]
[WhiteTitle "GM"]
[BlackTitle "WFM"]
[WhiteElo "2624"]
[BlackElo "2316"]
[WhiteFideId "4198603"]
[BlackFideId "13403729"]
[EventDate "2014.09.22"]

1. c4 c5 2. Nf3 b6 3. g3 Bb7 4. Bg2 Nf6 5. O-O g6 6. d4 cxd4 7. Qxd4 Bg7 8. Nc3
d6 9. Rd1 Nbd7 10. Be3 Rc8 11. Rac1 a6 12. b3 O-O 13. Qh4 Rc7 14. g4 h6 15. g5
hxg5 16. Nxg5 Bxg2 17. Kxg2 Qa8+ 18. f3 Rfc8 19. a4 Rc6 20. Bd4 e5 21. Be3 Nf8
22. Rd3 Ne6 23. Rcd1 Nd4 24. Bxd4 exd4 25. Rxd4 Nh5 26. Nd5 Bxd4 27. Ne7+ Kf8
28. Nxc6 Bc5 29. Nd4 Re8 30. Kf1 Qc8 31. Ne4 Kg7 32. Rd3 d5 33. cxd5 Be7 34. Qf2
Qh3+ 35. Kg1 Nf4 36. Rd1 Bh4 37. Qf1 Qd7 38. e3 Nxd5 39. Nc2 Qf5 40. Nd6 Qg5+
41. Kh1 Rd8 42. Ne4 Qh5 43. Kg1 f5 44. Ng3 Qg5 45. Qe1 Rc8 46. f4 Bxg3 47. hxg3
Qg4 48. Rd2 Qf3 49. Qf2 Qe4 50. Qe2 Rc3 51. Qxa6 Rxc2 52. Qb7+ Ne7 53. Qxe4 Rc1+
54. Kf2 fxe4 55. Rd4 Rc2+ 56. Ke1 Nf5 57. Rxe4 Rc3 58. Kd2 Rxb3 59. g4 Nxe3 60.
Rxe3 1/2-1/2

[Event "Baku Open 2014"]
[Site "Baku AZE"]
[Date "2014.09.22"]
[Round "1.15"]
[White "Zanan, Evgeny"]
[Black "Smirnov, Pavel"]
[Result "1/2-1/2"]
[WhiteTitle "FM"]
[BlackTitle "GM"]
[WhiteElo "2303"]
[BlackElo "2611"]
[WhiteFideId "24101940"]
[BlackFideId "4123425"]
[EventDate "2014.09.22"]

1. d4 Nf6 2. c4 e6 3. Nc3 Bb4 4. Qc2 d5 5. cxd5 exd5 6. Bg5 c5 7. a3 Bxc3+ 8.
bxc3 Nbd7 9. Nf3 O-O 10. e3 Qa5 11. Nd2 b6 12. f3 Ba6 13. Kf2 Rac8 14. Qb2 Rfe8
15. Bxa6 Qxa6 16. Rhd1 cxd4 17. cxd4 Qd3 18. Rac1 Qf5 19. Bxf6 Nxf6 20. Rxc8
Rxc8 21. Rc1 Re8 22. h3 h5 23. Qc2 Qe6 24. Nf1 g5 25. Qc7 Re7 26. Qc8+ Kg7 27.
Rc6 Qxc8 28. Rxc8 b5 29. Nd2 Re6 30. Ke2 Ra6 31. Rc3 Ra4 32. Kd3 Nd7 33. e4 Nb6
34. Nf1 Nc4 35. Ne3 Rxa3 36. Nxd5 Ra2 37. Rc2 Rxc2 38. Kxc2 h4 39. Kd3 a5 40.
Nc7 Na3 41. d5 b4 42. d6 Kf8 43. e5 b3 44. Kc3 b2 45. Kxb2 Nc4+ 46. Kb3 Nxe5 47.
Nd5 f5 48. f4 gxf4 49. Nxf4 Kf7 50. Ka4 Nc4 1/2-1/2

[Event "Baku Open 2014"]
[Site "Baku AZE"]
[Date "2014.09.22"]
[Round "1.16"]
[White "Iordachescu, Viorel"]
[Black "Nugumanov, Bakhtiyar"]
[Result "1-0"]
[WhiteTitle "GM"]
[BlackTitle "FM"]
[WhiteElo "2603"]
[BlackElo "2287"]
[WhiteFideId "13900200"]
[BlackFideId "13701797"]
[EventDate "2014.09.22"]

1. c4 e6 2. Nc3 Bb4 3. Qb3 c5 4. a3 Ba5 5. Ne4 Qc7 6. Qg3 Qxg3 7. hxg3 Na6 8. b3
Ke7 9. Bb2 f6 10. e3 b6 11. g4 Bb7 12. Ng3 Kf7 13. g5 Ne7 14. Nf3 Nc7 15. gxf6
gxf6 16. Bd3 d5 17. cxd5 Ncxd5 18. Ne4 Rad8 19. Neg5+ fxg5 20. Nxg5+ Ke8 21.
Bxh8 Nxe3 22. Bb5+ 1-0

[Event "Baku Open 2014"]
[Site "Baku AZE"]
[Date "2014.09.22"]
[Round "1.17"]
[White "Alakhverdiev, Araz"]
[Black "Wen, Yang"]
[Result "0-1"]
[WhiteTitle "FM"]
[BlackTitle "GM"]
[WhiteElo "2277"]
[BlackElo "2598"]
[WhiteFideId "13610260"]
[BlackFideId "8602956"]
[EventDate "2014.09.22"]

1. Nf3 g6 2. c4 Bg7 3. Nc3 Nf6 4. g3 b6 5. Bg2 Bb7 6. O-O O-O 7. b3 c5 8. Bb2 d6
9. d4 cxd4 10. Qxd4 Nbd7 11. Qd2 a6 12. Rfd1 Rc8 13. Rac1 Rc5 14. Ne1 Bxg2 15.
Nxg2 b5 16. cxb5 axb5 17. a4 b4 18. Nb5 Ne4 19. Qxb4 Bxb2 20. Rb1 Nc3 21. Nxc3
Bxc3 22. Qe4 Nf6 23. Qd3 Bb4 24. Ne3 Qb8 25. Rbc1 Rfc8 26. Rc4 Rxc4 27. Nxc4 d5
28. Ne3 e6 0-1

[Event "Baku Open 2014"]
[Site "Baku AZE"]
[Date "2014.09.22"]
[Round "1.18"]
[White "Salem, A.R. Saleh"]
[Black "Lorparizangeneh, Shahin"]
[Result "1-0"]
[WhiteTitle "GM"]
[BlackTitle "FM"]
[WhiteElo "2594"]
[BlackElo "2277"]
[WhiteFideId "9301348"]
[BlackFideId "12521604"]
[EventDate "2014.09.22"]

1. d4 Nf6 2. c4 g6 3. Nc3 d5 4. Nf3 Bg7 5. h4 c6 6. Bg5 O-O 7. Bxf6 Bxf6 8. h5
Bf5 9. e3 e6 10. hxg6 Bxg6 11. Bd3 Nd7 12. Qd2 Qa5 13. cxd5 cxd5 14. Nh4 Rac8
15. f4 Bxh4+ 16. Rxh4 Nf6 17. Ke2 b5 18. f5 exf5 19. Nxb5 Qd8 20. Rh3 Re8 21.
Rf1 Qd7 22. Nc3 Re7 23. Kd1 Qe6 24. Rff3 Rec7 25. Ke1 Rb8 26. Kf1 Qb6 27. Rf2
Qe6 28. Kg1 Re8 29. Rff3 Rb8 30. Rf1 Re8 31. Bc2 Ng4 32. Bb3 Nf6 33. Qe1 Rce7
34. Qh4 Qd6 35. Qg5 Kh8 36. Qf4 Qxf4 37. exf4 Rd8 38. Rff3 Ne4 39. Rd3 Nxc3 40.
bxc3 Re4 41. Bd1 Rd6 42. Kf2 Rxf4+ 43. Bf3 Rg4 44. Re3 Kg7 45. Re7 Ra6 46. Bxd5
f4 47. Bb3 Kf8 48. Re1 Ra5 49. d5 Rg5 50. Rf3 Rgxd5 51. Bxd5 Rxd5 52. Rxf4 Rc5
53. c4 Ra5 54. Re2 Bb1 55. Rb2 Bg6 56. Ke3 1-0

[Event "Baku Open 2014"]
[Site "Baku AZE"]
[Date "2014.09.22"]
[Round "1.19"]
[White "Zeynalov, Farid"]
[Black "Onischuk, Vladimir"]
[Result "1-0"]
[WhiteTitle "FM"]
[BlackTitle "GM"]
[WhiteElo "2277"]
[BlackElo "2593"]
[WhiteFideId "13402250"]
[BlackFideId "14114038"]
[EventDate "2014.09.22"]

1. d4 d6 2. e4 g6 3. Nc3 Bg7 4. Be3 a6 5. Qd2 b5 6. Bd3 Bb7 7. a4 b4 8. Nd1 a5
9. c3 Nf6 10. f3 Nc6 11. Ne2 O-O 12. O-O Rb8 13. Nf2 e5 14. d5 Ne7 15. cxb4 axb4
16. a5 c5 17. dxc6 Nxc6 18. a6 Ba8 19. a7 Rb7 20. Ra6 Qd7 21. Bc4 Rc7 22. b3 Bb7
23. Ra2 Ra8 24. Bb6 Rcc8 25. Rd1 Bf8 26. h3 h5 27. Qg5 Bg7 28. Qxg6 d5 29. Qg5
dxc4 30. Rxd7 Nxd7 31. Be3 cxb3 32. Rb2 Nf8 33. Rxb3 Ne6 34. Qxh5 Ba6 35. Ng3
Bc4 36. Rb2 Nf4 37. Qg4 Ng6 38. Nf5 Be6 39. Qg5 b3 40. Ng4 Nd4 41. Nf6+ Bxf6 42.
Qxf6 Bxf5 43. exf5 Rc6 44. Qg5 Rxa7 45. Bxd4 exd4 46. Rxb3 1-0

[Event "Baku Open 2014"]
[Site "Baku AZE"]
[Date "2014.09.22"]
[Round "1.20"]
[White "Ghaem Maghami, Ehsan"]
[Black "Abdulla, Khayala"]
[Result "0-1"]
[WhiteTitle "GM"]
[BlackTitle "WIM"]
[WhiteElo "2591"]
[BlackElo "2269"]
[WhiteFideId "12500739"]
[BlackFideId "13401807"]
[EventDate "2014.09.22"]

1. c4 e5 2. Nc3 Nf6 3. Nf3 Nc6 4. e4 Bb4 5. d3 O-O 6. Be2 d6 7. h3 Nd4 8. Nxd4
exd4 9. a3 Ba5 10. b4 dxc3 11. bxa5 c5 12. O-O Nd7 13. Bf4 Ne5 14. Qb3 Qxa5 15.
Rfc1 f5 16. Bxe5 dxe5 17. exf5 Bxf5 18. Bf3 Bxd3 19. Bxb7 Rad8 20. Bd5+ Rxd5 21.
cxd5 c4 22. Qxc3 Qxd5 23. Ra2 h6 24. Rb2 Rf6 25. Re1 Rg6 26. f3 e4 27. fxe4 Bxe4
28. Rd2 Qc6 29. Ree2 Bd3 30. Rf2 Qb6 31. Rb2 Qe3 32. Kh1 Rg3 33. Kh2 Qg5 34. Qd2
Re3 35. Rb5 Qg3+ 36. Kg1 c3 37. Qxc3 Bxb5 38. Qc8+ Re8 39. Qc1 Qe3 40. Qc2 Rf8 0-1

[Event "Baku Open 2014"]
[Site "Baku AZE"]
[Date "2014.09.22"]
[Round "1.21"]
[White "Asgarov, Mushfig"]
[Black "Guliyev, Namig"]
[Result "0-1"]
[BlackTitle "GM"]
[WhiteElo "2260"]
[BlackElo "2546"]
[WhiteFideId "13401734"]
[BlackFideId "13400363"]
[EventDate "2014.09.22"]

1. e4 c5 2. Nf3 d6 3. Bb5+ Nc6 4. O-O Bd7 5. c3 a6 6. Ba4 Nf6 7. Re1 b5 8. Bc2
Bg4 9. h3 Bxf3 10. Qxf3 g6 11. d3 Bg7 12. Be3 O-O 13. Nd2 Nd7 14. a3 a5 15. Rad1
Qc7 16. Nb1 Rfb8 17. Qe2 b4 18. Ba4 bxc3 19. Nxc3 Nd4 20. Bxd4 Bxd4 21. Nb5 Qc6
22. Nxd4 Qxa4 23. Nf3 e5 24. Nh2 Rb3 25. Ng4 Rab8 26. Rd2 Qb5 27. Qf3 Kg7 28.
Ree2 c4 29. dxc4 Qxc4 30. Ne3 Qc6 31. Qg4 h5 32. Qg5 Qxe4 33. Rxd6 Qf4 34. Qxf4
exf4 35. Nc4 Nf6 36. Re7 R3b5 37. Ra6 Nd5 38. Rea7 Rc5 39. Nd6 Nc7 40. Rxa5 Rc1+
41. Kh2 Rd8 42. Rxc7 Rxc7 43. Ne4 Rc1 44. g4 Re1 45. Ra4 Rdd1 46. Kg2 Rh1 47.
Ng5 Rdg1+ 48. Kf3 Rxh3+ 49. Ke2 Rb3 50. Rxf4 Rxb2+ 51. Kf3 Rxg4 52. Rxf7+ Kg8 0-1

[Event "Baku Open 2014"]
[Site "Baku AZE"]
[Date "2014.09.22"]
[Round "1.22"]
[White "Malakhatko, Vadim"]
[Black "Bayramov, Vugar"]
[Result "1/2-1/2"]
[WhiteTitle "GM"]
[WhiteElo "2542"]
[BlackElo "2254"]
[WhiteFideId "14104202"]
[BlackFideId "13400916"]
[EventDate "2014.09.22"]

1. c4 e5 2. Nc3 Nf6 3. e3 Be7 4. Nf3 d6 5. Be2 O-O 6. O-O c6 7. Qc2 Bg4 8. Rd1
Nbd7 9. d4 Qc7 10. e4 Rfe8 11. Be3 Bf8 12. d5 c5 13. Rab1 g6 14. h3 Bxf3 15.
Bxf3 h5 16. b4 b6 17. Nb5 Qc8 18. Rdc1 cxb4 19. Rxb4 Nc5 20. Rcb1 Kh7 21. R4b2
Rd8 22. Bg5 Be7 23. Bd2 Qd7 24. a4 Rdc8 25. Bb4 Bd8 26. Ba3 Kg7 27. h4 Nb7 28.
Be2 Nc5 29. Nc3 Ng4 30. g3 Nf6 31. Bf1 Be7 32. f3 Nb7 33. Kh2 Qd8 34. Qe2 Na5
35. Rb4 Rc5 36. Rc1 a6 37. Nd1 Nd7 38. Ne3 Ra7 39. Rb2 Rcc7 40. Bh3 Rab7 41.
Rcb1 Nc5 42. Qc2 Qb8 43. Rb4 Kg8 44. Bb2 Bd8 45. Bc3 Qa7 46. R4b2 Nd7 47. Bxd7
Rxd7 48. Bxa5 bxa5 49. Rxb7 Rxb7 50. Rxb7 Qxb7 51. c5 dxc5 52. Nc4 f6 53. Kg2
Qb4 54. Kf1 Kf7 55. Ke2 Ke7 56. f4 Bc7 57. f5 gxf5 58. exf5 Bd6 59. Kf1 Kd7 60.
g4 hxg4 61. h5 Bf8 62. Qd3 Bh6 63. Kf2 Bf4 64. Kf1 Kd8 65. Qe2 Kd7 1/2-1/2

[Event "Baku Open 2014"]
[Site "Baku AZE"]
[Date "2014.09.22"]
[Round "1.23"]
[White "Kazimova, Narmin"]
[Black "Baryshpolets, Andrey"]
[Result "0-1"]
[WhiteTitle "WIM"]
[BlackTitle "GM"]
[WhiteElo "2233"]
[BlackElo "2540"]
[WhiteFideId "13402951"]
[BlackFideId "14117207"]
[EventDate "2014.09.22"]

1. Nf3 d5 2. d4 Nf6 3. c4 e6 4. Nc3 c6 5. e3 Nbd7 6. Qc2 Bd6 7. g4 h6 8. Rg1 e5
9. h4 exd4 10. exd4 dxc4 11. Bxc4 Nb6 12. Be2 Be6 13. g5 hxg5 14. Nxg5 Bd5 15.
Nxd5 Nbxd5 16. Bd2 Qc7 17. O-O-O O-O-O 18. Qa4 Kb8 19. Kb1 Rde8 20. Bf1 Rxh4 21.
Nf3 Rg4 22. Ba5 Qd7 23. Bh3 Qf5+ 24. Qc2 Qxf3 25. Bxg4 Nxg4 26. Rd3 Qf5 27. Rd2
Qxc2+ 28. Rxc2 f5 29. Re1 Rxe1+ 30. Bxe1 Kc8 31. Re2 Kd7 32. Bd2 Nh2 33. Re1 Nf3
34. Rd1 Nxd4 0-1

[Event "Baku Open 2014"]
[Site "Baku AZE"]
[Date "2014.09.22"]
[Round "1.24"]
[White "Rasulov, Vugar"]
[Black "Aliyev, Rasim"]
[Result "1-0"]
[WhiteTitle "GM"]
[WhiteElo "2514"]
[BlackElo "2230"]
[WhiteFideId "13402390"]
[BlackFideId "13401084"]
[EventDate "2014.09.22"]

1. e4 c6 2. Nc3 d5 3. Qf3 d4 4. Bc4 e6 5. Nce2 c5 6. d3 Nc6 7. Qg3 Nf6 8. f4 Na5
9. Bb5+ Bd7 10. Bxd7+ Qxd7 11. Nf3 Nc6 12. Bd2 O-O-O 13. a3 h5 14. h3 Be7 15.
O-O h4 16. Qf2 Nh5 17. b4 f5 18. b5 Nb8 19. Ne5 Qe8 20. exf5 exf5 21. c3 dxc3
22. Bxc3 Nd7 23. Rfc1 Nxe5 24. Bxe5 Rd5 25. d4 Nf6 26. Nc3 Ne4 27. Nxe4 fxe4 28.
Qe2 Qg6 29. Rc4 b6 30. Ra4 Kb7 31. Qc4 1-0

[Event "Baku Open 2014"]
[Site "Baku AZE"]
[Date "2014.09.22"]
[Round "1.25"]
[White "Pirverdiyev, Agil"]
[Black "Baron, Tal"]
[Result "1-0"]
[BlackTitle "GM"]
[WhiteElo "2209"]
[BlackElo "2513"]
[WhiteFideId "13400568"]
[BlackFideId "2809958"]
[EventDate "2014.09.22"]

1. e4 e5 2. Nf3 Nc6 3. Bb5 a6 4. Ba4 Nf6 5. O-O Be7 6. Re1 b5 7. Bb3 d6 8. c3
O-O 9. h3 Bb7 10. d4 Nd7 11. Nbd2 exd4 12. cxd4 Bf6 13. Nf1 Na5 14. Bc2 Re8 15.
Bf4 c5 16. Bxd6 cxd4 17. Nxd4 Nc4 18. Nf5 g6 19. Nh6+ Kg7 20. Bf4 Bxb2 21. Rb1
Nc5 22. Qf3 Ne6 23. Rxb2 Nxf4 24. Qxf4 Nxb2 25. Nxf7 Qe7 26. Nd6 Rf8 27. Qg3 Nc4
28. Qc3+ Kg8 29. Nxc4 bxc4 30. Ne3 Qg7 31. e5 Rac8 32. Ng4 Kh8 33. Nf6 Rc7 34.
Rd1 Re7 35. f4 Qf7 36. Kh2 Bc6 37. Rd4 Re6 38. Rxc4 Qb7 39. f5 gxf5 40. Bxf5
Rexf6 41. exf6 1-0

[Event "Baku Open 2014"]
[Site "Baku AZE"]
[Date "2014.09.22"]
[Round "1.26"]
[White "Romanishin, Oleg M"]
[Black "Shahaliyev, Ismayil"]
[Result "1-0"]
[WhiteTitle "GM"]
[WhiteElo "2502"]
[BlackElo "2206"]
[WhiteFideId "14100088"]
[BlackFideId "13406388"]
[EventDate "2014.09.22"]

1. Nf3 Nf6 2. g3 c5 3. Bg2 g6 4. c3 Bg7 5. d4 O-O 6. dxc5 Na6 7. b4 Ne4 8. Nd4
d5 9. cxd6 Nxd6 10. O-O Bd7 11. a4 Qc7 12. Nb3 Bf5 13. b5 Nc5 14. Nxc5 Qxc5 15.
Ba3 Qc7 16. Bxd6 exd6 17. Ra3 Rab8 18. Bd5 Qc5 19. Rb3 Bxb1 20. Rxb1 Qxc3 21.
Rc1 Qd4 22. Rc7 Rbc8 23. Rxb7 Kh8 24. Qxd4 Bxd4 25. e3 Bb6 26. Ra1 Rb8 27. a5
Rxb7 28. Bxb7 Bc5 29. b6 Kg7 30. Rc1 axb6 31. a6 b5 32. Rxc5 dxc5 33. a7 c4 34.
a8=Q Rxa8 35. Bxa8 1-0

[Event "Baku Open 2014"]
[Site "Baku AZE"]
[Date "2014.09.22"]
[Round "1.27"]
[White "Andrenko, Irina"]
[Black "Donchenko, Alexander"]
[Result "0-1"]
[WhiteTitle "WIM"]
[BlackTitle "IM"]
[WhiteElo "2199"]
[BlackElo "2501"]
[WhiteFideId "14118270"]
[BlackFideId "24603295"]
[EventDate "2014.09.22"]

1. e4 c6 2. d4 d5 3. Nc3 dxe4 4. Nxe4 Bf5 5. Ng3 Bg6 6. N1e2 e6 7. Nf4 Bd6 8.
Ngh5 Kf8 9. Bc4 Nf6 10. Nxg6+ hxg6 11. Nxf6 Qxf6 12. h3 Nd7 13. Be3 Nb6 14. Qd3
Qf5 15. O-O-O Nxc4 16. Qxc4 Qd5 17. Qxd5 cxd5 18. a4 Ke7 19. Rd3 Rhc8 20. Rb3
Rab8 21. Kd2 Rc4 22. Ra1 Kd7 23. Kd3 Rc6 24. Bd2 Rc4 25. Be3 b6 26. Rb5 Rbc8 27.
a5 Kc6 28. Rb3 b5 29. a6 b4 30. c3 Kb5 31. Bd2 R8c6 32. cxb4 Rxa6 33. Ra5+ Rxa5
34. bxa5+ Bb4 35. Bxb4 Rxb4 36. Rc3 Rxb2 37. Rc5+ Ka6 38. Ke3 Kb7 39. h4 Rb3+
40. Kd2 Rb2+ 41. Ke3 a6 42. Rc3 f6 43. f4 Rb5 44. Ra3 Kc6 45. Rc3+ Kd7 46. Ra3
Kd6 47. g3 e5 48. fxe5+ fxe5 49. dxe5+ Kxe5 50. Kd3 d4 51. Kc4 Rb8 52. Kd3 Kd5
53. Ke2 Ke4 54. Ra2 Rf8 55. Kd1 d3 56. Ke1 Ke3 57. Rb2 Rf5 58. Ra2 Rb5 59. Ra1
Rb2 60. Kf1 Rf2+ 61. Kg1 d2 62. Ra3+ Ke2 63. Ra2 Rf8 0-1

[Event "Baku Open 2014"]
[Site "Baku AZE"]
[Date "2014.09.22"]
[Round "1.28"]
[White "Mammadov, Zaur"]
[Black "Khalafova, Narmin"]
[Result "1-0"]
[WhiteTitle "IM"]
[BlackTitle "WFM"]
[WhiteElo "2482"]
[BlackElo "2166"]
[WhiteFideId "13401033"]
[BlackFideId "13402625"]
[EventDate "2014.09.22"]

1. e4 c5 2. c3 Nf6 3. e5 Nd5 4. Nf3 d6 5. d4 cxd4 6. cxd4 Nc6 7. Bc4 Nb6 8. Bb5
Bd7 9. exd6 e6 10. Nc3 Bxd6 11. O-O O-O 12. a3 Rc8 13. Bd3 h6 14. Bc2 Na5 15.
Ne5 Be8 16. Qe2 Bb8 17. Rd1 Kh8 18. Bf4 Nac4 19. Nxc4 Rxc4 20. Qd3 f5 21. Ne2
Rf6 22. Be5 Rf8 23. Bb3 Rc6 24. Qg3 Bxe5 25. dxe5 Nd5 26. Nd4 Qe7 27. Bxd5 exd5
28. Nxc6 Bxc6 29. Rd4 Re8 30. Re1 Qf7 31. Qh3 Qe6 32. Rf4 Bd7 33. Qe3 a6 34. Rb4
Bc6 35. f4 Rd8 36. Qc5 Kg8 37. h3 Rd7 38. Rd4 Rd8 39. a4 Rd7 40. Kh2 Rd8 41. Qb6
Re8 42. Red1 Qd7 43. R1d2 Re6 44. Qc5 Qe8 45. b4 Kh7 46. b5 axb5 47. axb5 Bxb5
48. Rxd5 Bc6 49. Rd8 Qe7 50. Qc4 Qf7 51. Qa2 Qe7 52. R2d6 Qh4 53. g3 Qh5 54.
Rxe6 Qf3 55. Rxh6+ Kxh6 56. Rh8+ 1-0

[Event "Baku Open 2014"]
[Site "Baku AZE"]
[Date "2014.09.22"]
[Round "1.29"]
[White "Gadimbayli, Abdulla"]
[Black "Yilmazyerli, Mert"]
[Result "0-1"]
[WhiteTitle "FM"]
[BlackTitle "FM"]
[WhiteElo "2162"]
[BlackElo "2454"]
[WhiteFideId "13404938"]
[BlackFideId "6305962"]
[EventDate "2014.09.22"]

1. e4 g6 2. d4 Bg7 3. Nc3 d6 4. Be3 a6 5. Qd2 b5 6. a4 b4 7. Nd1 a5 8. Bb5+ c6
9. Bd3 Nd7 10. Ne2 e5 11. O-O Ngf6 12. Bh6 O-O 13. Bxg7 Kxg7 14. Ne3 Re8 15. Nc4
Qc7 16. Rae1 Nb6 17. dxe5 dxe5 18. Nxb6 Qxb6 19. Kh1 Ng4 20. Ng3 Qd8 21. h3 Qh4
22. Kg1 Nf6 23. Qe3 g5 24. Bc4 g4 25. f4 gxh3 26. fxe5 Rxe5 27. Rf4 Qg5 28. Ref1
Be6 29. Bxe6 fxe6 30. Qf3 Rf8 31. gxh3 Qg6 32. Kh2 Rg5 33. h4 Rg4 34. Qg2 Kh8
35. Rxg4 Nxg4+ 36. Kh1 Rg8 37. Qd2 Ne5 38. Qg5 Qxg5 39. hxg5 Rxg5 40. Kh2 Nc4
41. Rf6 Rg6 42. Rf8+ Kg7 43. Rc8 Nxb2 44. Rxc6 Nxa4 45. Ra6 Rg5 46. Rxe6 Rc5 47.
Nf5+ Kf7 48. Ra6 Rxc2+ 49. Kg3 b3 50. e5 Re2 51. Ra7+ Kf8 52. Ra8+ Kf7 53. Ra7+
Kg6 54. Nh4+ Kh6 55. Ra6+ Kh5 56. Nf5 Kg5 57. Nd4 b2 58. Ne6+ Kf5 59. Nd4+ Ke4
60. Nxe2 b1=Q 61. Rxa5 Qe1+ 0-1

[Event "Baku Open 2014"]
[Site "Baku AZE"]
[Date "2014.09.22"]
[Round "1.30"]
[White "Darini, Pouria"]
[Black "Amrayeva, Aytan"]
[Result "1-0"]
[WhiteTitle "GM"]
[WhiteElo "2442"]
[BlackElo "2144"]
[WhiteFideId "12502200"]
[BlackFideId "13405101"]
[EventDate "2014.09.22"]

1. e4 e6 2. d4 d5 3. Nc3 Nf6 4. Bg5 Be7 5. e5 Nfd7 6. h4 h6 7. Bxe7 Qxe7 8. f4
a6 9. Qd2 c5 10. dxc5 Qxc5 11. O-O-O Nc6 12. Nf3 b5 13. Kb1 Nb6 14. Nd4 b4 15.
Nce2 Nc4 16. Qd3 Bd7 17. Nxc6 Bxc6 18. Nd4 Bb5 19. Qg3 Rg8 20. f5 Bd7 21. fxe6
fxe6 22. Bxc4 Qxc4 23. Qg6+ Ke7 24. Rhf1 Raf8 25. Rxf8 Rxf8 26. Qxg7+ Rf7 27.
Qxh6 Rf1 28. Qd2 a5 29. b3 Rxd1+ 30. Qxd1 Qc3 31. Nf3 Be8 32. Qd4 Qc7 33. h5 Kf8
34. Qf4+ Kg8 35. Qg4+ Kh8 36. Qxe6 Bxh5 37. g4 Bf7 38. Qf6+ Kg8 39. e6 Be8 40.
e7 Qc3 41. Qf8+ Kh7 42. Ng5+ Kg6 43. Qxe8+ Kxg5 44. Qg8+ 1-0

[Event "Baku Open 2014"]
[Site "Baku AZE"]
[Date "2014.09.22"]
[Round "1.31"]
[White "Mammadova, Narmin"]
[Black "Givon, Asaf"]
[Result "0-1"]
[BlackTitle "IM"]
[WhiteElo "2124"]
[BlackElo "2431"]
[WhiteFideId "13403710"]
[BlackFideId "2801841"]
[EventDate "2014.09.22"]

1. e4 g6 2. d4 Bg7 3. Bc4 d6 4. Nf3 a6 5. O-O e6 6. Qe2 Ne7 7. c3 O-O 8. Rd1 Nd7
9. a4 b6 10. Nbd2 Bb7 11. Nf1 h6 12. Ng3 d5 13. exd5 Nxd5 14. h4 Qf6 15. h5 g5
16. Bxd5 Bxd5 17. Nh2 Rfe8 18. Ng4 Qe7 19. c4 Bb7 20. d5 Nf6 21. Ne3 exd5 22.
Ngf5 Qe4 23. Nxg7 Kxg7 24. f3 Qe5 25. Qc2 d4 26. Nf5+ Kf8 27. Nxh6 c5 28. Rf1
Nxh5 29. Ng4 Qg7 30. Qf2 f5 31. Nh2 f4 32. b4 Ng3 33. Ra2 Nf5 0-1

[Event "Baku Open 2014"]
[Site "Baku AZE"]
[Date "2014.09.22"]
[Round "1.32"]
[White "Pourramezanali, Amirreza"]
[Black "Fataliyeva, Ulviyya"]
[Result "1-0"]
[WhiteTitle "IM"]
[BlackTitle "WFM"]
[WhiteElo "2429"]
[BlackElo "2117"]
[WhiteFideId "12511412"]
[BlackFideId "13403052"]
[EventDate "2014.09.22"]

1. e4 e6 2. d4 d5 3. exd5 exd5 4. Nf3 Bd6 5. Bd3 Nf6 6. O-O O-O 7. h3 h6 8. c4
dxc4 9. Bxc4 Bf5 10. Nc3 c6 11. Ne5 Nbd7 12. Qf3 Bxe5 13. dxe5 Nxe5 14. Qxf5
Nxc4 15. Bxh6 Nxb2 16. Rab1 Qd3 17. Qg5 Qg6 18. Qxg6 fxg6 19. Bg5 Nc4 20. Rxb7
Rf7 21. Rb4 Nb6 22. Rc1 Re8 23. a4 Nfd5 24. Nxd5 cxd5 25. Rd1 Re2 26. Be3 Ra2
27. Rdd4 Rc7 28. Rg4 Rc6 29. Kh2 Kf7 30. Rb5 Rxa4 31. Rxb6 1-0

[Event "Baku Open 2014"]
[Site "Baku AZE"]
[Date "2014.09.22"]
[Round "1.33"]
[White "Shabanov, Nurlan"]
[Black "Rzayev, Bahruz"]
[Result "0-1"]
[BlackTitle "IM"]
[WhiteElo "2106"]
[BlackElo "2416"]
[WhiteFideId "13400100"]
[BlackFideId "13403036"]
[EventDate "2014.09.22"]

1. d4 d6 2. Nf3 Nd7 3. c4 g6 4. g3 Bg7 5. Bg2 e5 6. Nc3 Ne7 7. O-O O-O 8. e4
exd4 9. Nxd4 Nc6 10. Nxc6 bxc6 11. Qc2 Ne5 12. b3 Qf6 13. Bb2 Nf3+ 14. Kh1 Bg4
15. Qd3 Rab8 16. Rab1 Qd4 17. Qxd4 Nxd4 18. f3 Be6 19. Rf2 f5 20. f4 Rfe8 21. e5
dxe5 22. fxe5 Bxe5 23. Na4 Rbd8 24. Re1 Bf7 25. Rd2 g5 26. Nc5 f4 27. Nb7 Rb8
28. Nc5 Bh5 29. Nd7 Bg7 30. Rf1 Rbd8 31. Bxd4 Rxd7 32. Bxc6 Rxd4 33. Rxd4 Bxd4
34. gxf4 Rf8 35. f5 Kg7 36. Kg2 Kf6 37. Re1 Be5 38. Bd7 Rd8 0-1